[Event "ENG-ch Senior Over 65"]
[Site "Kenilworth"]
[Date "2024.05.25"]
[Round "2.3"]
[White "Hutchinson, Paul A"]
[Black "Chapman, Terry PD"]
[Result "0-1"]
[WhiteElo "1970"]
[BlackElo "2290"]
[PlyCount "156"]
[EventDate "2024.05.24"]
[EventType "swiss"]
[EventRounds "7"]
[EventCountry "ENG"]

1. d4 Nf6 2. Nf3 d5 3. Bf4 c5 4. e3 Nc6 5. Nbd2 cxd4 6. exd4 Qb6 7. Nb3 Bf5 8.
c3 e6 9. Be2 Be7 10. Ne5 Nxe5 11. dxe5 Nd7 12. Qd2 a6 13. O-O Qc7 14. Rfe1 O-O
15. Bf1 Rac8 16. a4 Bg6 17. Nd4 Bc5 18. Nf3 Be7 19. Bd3 Bxd3 20. Qxd3 Qc4 21.
Qe3 Nc5 22. Red1 Nb3 23. Nd2 Nxd2 24. Qxd2 Rc6 25. Be3 Qb3 26. a5 Rfc8 27. Qe2
Rc4 28. f3 h6 29. Kf1 Qb5 30. Bd4 Qb3 31. Ke1 Bf8 32. h3 Be7 33. Be3 Ra4 34.
Qf2 Bd8 35. Rxa4 Qxa4 36. Bb6 Qf4 37. Qd4 Qg3+ 38. Kf1 Rc4 39. Qf2 Qxf2+ 40.
Bxf2 Bxa5 41. b4 Bc7 42. Bd4 Rc6 43. Rb1 Bb6 44. Bxb6 Rxb6 45. Ke2 g5 46. Kd3
Kg7 47. g4 f6 48. exf6+ Kxf6 49. Kd4 Rc6 50. b5 Rb6 51. Rh1 Rxb5 52. h4 e5+ 53.
Kd3 gxh4 54. Rxh4 Kg6 55. Rh1 Rb6 56. Re1 Re6 57. f4 Kf6 58. fxe5+ Rxe5 59. Rh1
Kg6 60. Kd4 Re4+ 61. Kxd5 Rxg4 62. c4 Rf4 63. c5 Rf5+ 64. Kd6 Rf6+ 65. Kd5 h5
66. Rg1+ Kh6 67. Re1 Rf7 68. Rh1 Kg5 69. Rg1+ Kf6 70. Kd6 h4 71. c6 bxc6 72.
Kxc6 Ke5 73. Re1+ Kd4 74. Kd6 Rh7 75. Ke6 h3 76. Kf5 h2 77. Rh1 Ke3 78. Kg6 Rh8
0-1

[Event "ENG-ch Senior Over 65"]
[Site "Kenilworth"]
[Date "2024.05.25"]
[Round "2.4"]
[White "Snape, Ian L"]
[Black "Punnett, Alan K"]
[Result "1-0"]
[WhiteElo "2086"]
[BlackElo "1963"]
[PlyCount "106"]
[EventDate "2024.05.24"]
[EventType "swiss"]
[EventRounds "7"]
[EventCountry "ENG"]

1. d4 Nf6 2. c4 e6 3. Nf3 d5 4. g3 Be7 5. Bg2 O-O 6. O-O Nbd7 7. Qc2 dxc4 8.
Qxc4 a6 9. a4 c5 10. Qc2 cxd4 11. Nxd4 Bc5 12. Rd1 Nd5 13. e4 Nb4 14. Qe2 Qf6
15. Be3 Rb8 16. Nc3 b6 17. Rac1 Bb7 18. Nb3 Bxe3 19. Qxe3 Ne5 20. f4 Nc4 21.
Qe2 Rfc8 22. e5 Qe7 23. Ne4 Bd5 24. Nd4 Rc7 25. b3 Na5 26. Rxc7 Qxc7 27. Qd2
Nac6 28. Rc1 Qd7 29. Nxc6 Nxc6 30. Nd6 Ne7 31. Qc3 Bxg2 32. Kxg2 Nd5 33. Qc6
Qxc6 34. Rxc6 Kf8 35. Kf3 Ke7 36. Rc1 f6 37. Ke4 Kd7 38. f5 Ne7 39. Rd1 Nc6 40.
Nc4+ Ke7 41. fxe6 b5 42. Rd7+ Kxe6 43. Rd6+ Ke7 44. exf6+ gxf6 45. Rxc6 bxc4
46. bxc4 Rb4 47. Rxa6 Rxc4+ 48. Kd5 Rc7 49. Re6+ Kf7 50. Re4 Rc2 51. Rh4 Ra2
52. Kc5 f5 53. Rxh7+ Kg6 1-0

[Event "ENG-ch Senior Over 65"]
[Site "Kenilworth"]
[Date "2024.05.25"]
[Round "2.5"]
[White "Moore, Geoffrey R"]
[Black "Moore, John C"]
[Result "0-1"]
[WhiteElo "2014"]
[BlackElo "1950"]
[PlyCount "66"]
[EventDate "2024.05.24"]
[EventType "swiss"]
[EventRounds "7"]
[EventCountry "ENG"]

1. e4 e5 2. f4 Bc5 3. Nf3 d6 4. c3 Nf6 5. d4 exd4 6. cxd4 Bb4+ 7. Bd2 Bxd2+ 8.
Nbxd2 Qe7 9. Qc2 Nc6 10. Bb5 Bd7 11. O-O O-O 12. a3 Nb4 13. Qa4 Nd3 14. Bxd7
Qxd7 15. Qxd7 Nxd7 16. g3 Nb6 17. b3 c5 18. Ne1 Nxe1 19. Rfxe1 Rac8 20. Nf3
Rfe8 21. Kf2 f6 22. Rad1 c4 23. b4 Na4 24. e5 dxe5 25. dxe5 Nb2 26. Ke3 Nxd1+
27. Rxd1 Red8 28. Nd4 a6 29. a4 Rd5 30. Rd2 fxe5 31. fxe5 Rxe5+ 32. Kf4 Rd5 33.
Ke4 Rcd8 0-1

[Event "ENG-ch Senior Over 65"]
[Site "Kenilworth"]
[Date "2024.05.25"]
[Round "2.6"]
[White "Bray, Dave J"]
[Black "Page, Mark Edward"]
[Result "0-1"]
[WhiteElo "1963"]
[BlackElo "2042"]
[PlyCount "112"]
[EventDate "2024.05.24"]
[EventType "swiss"]
[EventRounds "7"]
[EventCountry "ENG"]

1. Nf3 Nf6 2. c4 d6 3. d4 g6 4. Nc3 Bg7 5. e4 O-O 6. Be2 e5 7. dxe5 dxe5 8.
Qxd8 Rxd8 9. Nxe5 Nxe4 10. Nxe4 Bxe5 11. Bg5 Re8 12. Nf6+ Bxf6 13. Bxf6 Bf5 14.
Rd1 Nd7 15. Bg5 Nc5 16. Be3 Na4 17. Rd2 Rad8 18. Rxd8 Rxd8 19. O-O Nxb2 20.
Bxa7 Bd3 21. Bxd3 Rxd3 22. g3 Nxc4 23. Rc1 b5 24. a4 c6 25. axb5 cxb5 26. Bc5
Rd5 27. Bb4 f6 28. Ra1 Ne5 29. Kg2 Kf7 30. Ra6 Nd7 31. Ra7 Ke6 32. h3 h5 33.
Kf3 Ne5+ 34. Ke3 Nc6 35. Ra6 Re5+ 36. Kd3 Kd5 37. Bc3 Re6 38. Ra8 b4 39. Bb2
Kc5 40. Rc8 Rd6+ 41. Kc2 Kc4 42. Rc7 Re6 43. Rd7 f5 44. Rd2 b3+ 45. Kd1 g5 46.
Rd7 h4 47. gxh4 gxh4 48. Rh7 Re4 49. Rc7 Re6 50. Rh7 Kd3 51. Rd7+ Ke4 52. Rh7
Kf3 53. Rxh4 Rd6+ 54. Ke1 f4 55. Ba3 b2 56. Bxb2 Nb4 0-1

[Event "ENG-ch Senior Over 65"]
[Site "Kenilworth"]
[Date "2024.05.25"]
[Round "2.7"]
[White "Myall, Ivan J"]
[Black "Jackson, Sheila"]
[Result "0-1"]
[WhiteElo "1933"]
[BlackElo "2010"]
[PlyCount "156"]
[EventDate "2024.05.24"]
[EventType "swiss"]
[EventRounds "7"]
[EventCountry "ENG"]

1. e4 c5 2. c3 d5 3. exd5 Qxd5 4. d4 Nc6 5. dxc5 Qxd1+ 6. Kxd1 Bg4+ 7. Ke1
O-O-O 8. f3 Bf5 9. Be3 Nf6 10. Bb5 Nd5 11. Bd2 e5 12. b4 Be7 13. Ne2 Rhe8 14.
Bxc6 bxc6 15. Kf2 Bxb1 16. Rhxb1 Nxb4 17. cxb4 Rxd2 18. Ke1 Red8 19. Rd1 Rb2
20. Rxd8+ Bxd8 21. a3 a5 22. Kf1 axb4 23. axb4 Rxb4 24. Ra8+ Rb8 25. Ra7 Rb7
26. Ra8+ Kd7 27. Ng3 g6 28. Ne4 Be7 29. Ra5 f5 30. Nc3 Bg5 31. Ra2 Be3 32. Na4
Ke6 33. Rc2 Bd4 34. Ke2 Rb4 35. Ra2 Kd5 36. Nb6+ Kxc5 37. Nd7+ Kd6 38. Nf8 Rb7
39. Ra8 Rb2+ 40. Kd3 Rxg2 41. Nxh7 Rxh2 42. Ng5 Rg2 43. Nf7+ Ke7 44. Nd8 c5 45.
Kc4 Be3 46. Nc6+ Kf6 47. Rf8+ Kg7 48. Re8 Bd4 49. Kd5 Rf2 50. Re7+ Kf6 51. Re6+
Kg5 52. Ne7 Rxf3 53. Rxg6+ Kf4 54. Rg8 Ke3 55. Kc4 Kd2 56. Rg2+ Bf2 57. Nc6 e4
58. Ne5 Ke3 59. Kxc5 Kf4+ 60. Kd5 Bg3 61. Kd4 Bf2+ 62. Kd5 Be1 63. Ng6+ Ke3 64.
Ne5 Rf2 65. Rg3+ Ke2 66. Ra3 e3 67. Nc4 Bd2 68. Ne5 Rf1 69. Nc6 f4 70. Ke4 Kf2
71. Ne5 e2 72. Nd3+ Kg1 73. Ra2 e1=Q+ 74. Nxe1 Bxe1 75. Ra4 Bg3 76. Kf5 f3 77.
Kg4 Kg2 78. Ra3 Rb1 0-1

[Event "ENG-ch Senior Over 65"]
[Site "Kenilworth"]
[Date "2024.05.25"]
[Round "2.8"]
[White "Baker, Chris W"]
[Black "Stokes, Mike R"]
[Result "1/2-1/2"]
[WhiteElo "2218"]
[BlackElo "1968"]
[PlyCount "83"]
[EventDate "2024.05.24"]
[EventType "swiss"]
[EventRounds "7"]
[EventCountry "ENG"]

1. e4 e5 2. Nf3 Nc6 3. Bb5 a6 4. Ba4 Be7 5. O-O b5 6. Bb3 Nf6 7. d4 d6 8. c3
Bg4 9. Be3 O-O 10. h3 Bh5 11. Nbd2 exd4 12. cxd4 Na5 13. Bc2 c5 14. d5 Nd7 15.
g4 Bg6 16. Kg2 Bf6 17. Rb1 h6 18. h4 Bxh4 19. Nxh4 Qxh4 20. f4 Nf6 21. f5 Nxg4
22. Bf4 Bh5 23. Qe1 Qxe1 24. Rbxe1 Ne5 25. Rh1 Bg4 26. Rh4 h5 27. Bxe5 dxe5 28.
Bd1 Bxd1 29. Rxd1 g6 30. Nf3 Nc4 31. Kf2 Nxb2 32. Rg1 Nd3+ 33. Ke3 c4 34. fxg6
fxg6 35. Rxg6+ Kf7 36. Re6 Rfe8 37. Ng5+ Kg7 38. Rxh5 Rxe6 39. Nxe6+ Kg6 40.
Rh1 Nb4 41. Nc7 Rd8 42. Ne6 1/2-1/2

[Event "ENG-ch Senior Over 65"]
[Site "Kenilworth"]
[Date "2024.05.25"]
[Round "2.9"]
[White "Erdogan, Hassan"]
[Black "Chandler, Cliff R"]
[Result "0-1"]
[WhiteElo "1877"]
[BlackElo "2168"]
[PlyCount "96"]
[EventDate "2024.05.24"]
[EventType "swiss"]
[EventRounds "7"]
[EventCountry "ENG"]

1. Nf3 Nc6 2. d4 d5 3. Bf4 Bg4 4. e3 e6 5. Be2 Bd6 6. Bxd6 Qxd6 7. c3 Nf6 8.
Nbd2 O-O 9. O-O Rfe8 10. Qc2 e5 11. dxe5 Nxe5 12. Rfe1 c5 13. Rad1 Nxf3+ 14.
Bxf3 Bxf3 15. Nxf3 Qe6 16. a4 Rad8 17. h3 h6 18. c4 dxc4 19. Rc1 Nd5 20. Qxc4
Nb4 21. Qxe6 fxe6 22. Red1 b6 23. Kf1 Kf7 24. Ke2 Kf6 25. b3 e5 26. Nd2 Ke6 27.
Ne4 Nd5 28. g3 Rd7 29. Rd2 Red8 30. Rcd1 Nf6 31. Rxd7 Rxd7 32. Rxd7 Kxd7 33.
Nxf6+ gxf6 34. Kd3 a6 35. f4 b5 36. g4 exf4 37. exf4 Ke6 38. h4 Kd5 39. g5 fxg5
40. fxg5 hxg5 41. hxg5 Ke5 42. g6 Kf6 43. g7 Kxg7 44. Ke4 Kf6 45. Kd5 c4 46.
bxc4 b4 47. c5 b3 48. c6 Ke7 0-1

[Event "ENG-ch Senior Over 65"]
[Site "Kenilworth"]
[Date "2024.05.25"]
[Round "2.10"]
[White "Bellers, Chris JV"]
[Black "Norman, Kenneth I"]
[Result "1/2-1/2"]
[WhiteElo "1926"]
[BlackElo "2116"]
[PlyCount "39"]
[EventDate "2024.05.24"]
[EventType "swiss"]
[EventRounds "7"]
[EventCountry "ENG"]

1. c4 c5 2. Nc3 Nf6 3. g3 d5 4. cxd5 Nxd5 5. Bg2 Nc7 6. d3 e5 7. Be3 Be7 8. Rc1
Ne6 9. Nd5 Bd6 10. Nf3 O-O 11. O-O Nc6 12. Nd2 Rb8 13. Ne4 Ncd4 14. Nxd6 Qxd6
15. f4 exf4 16. Nxf4 b6 17. Nxe6 Nxe6 18. Qa4 Bb7 19. Bxb7 Rxb7 20. Bf4 1/2-1/2

[Event "ENG-ch Senior Over 65"]
[Site "Kenilworth"]
[Date "2024.05.25"]
[Round "2.11"]
[White "Bonafont, Philip R"]
[Black "Neatherway, A Philip"]
[Result "1-0"]
[WhiteElo "1986"]
[BlackElo "1831"]
[PlyCount "55"]
[EventDate "2024.05.24"]
[EventType "swiss"]
[EventRounds "7"]
[EventCountry "ENG"]

1. e4 e6 2. d4 d5 3. Nd2 Nf6 4. e5 Nfd7 5. c3 c5 6. f4 Nc6 7. Ndf3 Qb6 8. a3
cxd4 9. cxd4 Be7 10. h4 f6 11. Bd3 Nf8 12. Ne2 Bd7 13. b4 O-O-O 14. Bb2 Kb8 15.
Rc1 Rc8 16. Qd2 h5 17. O-O Nh7 18. Kh1 Qd8 19. g3 Qg8 20. b5 Nd8 21. Rxc8+ Bxc8
22. Rc1 Nf7 23. Qc2 Qd8 24. Bxh7 f5 25. Bg6 Nh6 26. Bxh5 Ng4 27. Bxg4 fxg4 28.
Ng5 1-0

[Event "ENG-ch Senior Over 65"]
[Site "Kenilworth"]
[Date "2024.05.25"]
[Round "2.12"]
[White "Burnett, James"]
[Black "Jerome, Stellio"]
[Result "1-0"]
[WhiteElo "2014"]
[BlackElo "1673"]
[PlyCount "107"]
[EventDate "2024.05.24"]
[EventType "swiss"]
[EventRounds "7"]
[EventCountry "ENG"]

1. d4 f5 2. Nf3 Nf6 3. g3 e6 4. Bg2 Be7 5. c4 d6 6. O-O O-O 7. Nc3 Qe8 8. Re1
Ne4 9. Nxe4 fxe4 10. Nd2 d5 11. f3 exf3 12. Nxf3 Nd7 13. Qc2 c6 14. e4 Qh5 15.
Rf1 Nf6 16. e5 Ne4 17. Be3 Bd7 18. Qb3 b6 19. Qd3 Be8 20. Nd2 Rxf1+ 21. Rxf1
Nxd2 22. Bxd2 Bg6 23. Qe3 Bf5 24. cxd5 cxd5 25. Rc1 h6 26. Qe1 Qg4 27. Bf4 Qh5
28. Rc7 Bg5 29. Bxg5 Qxg5 30. Qc3 Qg4 31. Bf3 Qg5 32. Kg2 Bg4 33. Bxg4 Qxg4 34.
Qf3 Qg6 35. Qe2 Qf5 36. h3 a6 37. Qg4 Qxg4 38. hxg4 b5 39. Re7 Rc8 40. Rxe6
Rc2+ 41. Kf3 Rxb2 42. Rxa6 Rd2 43. Ke3 Rc2 44. Rd6 Rxa2 45. Rxd5 b4 46. Rb5
Ra3+ 47. Kf4 b3 48. e6 Kf8 49. Ke5 b2 50. Rxb2 Rxg3 51. d5 g5 52. Rb8+ Kg7 53.
Kd6 Kf6 54. Rf8+ 1-0

[Event "ENG-ch Senior Over 65"]
[Site "Kenilworth"]
[Date "2024.05.25"]
[Round "2.13"]
[White "Fleming, Andrew SJ"]
[Black "Wall, Robert"]
[Result "1-0"]
[WhiteElo "1905"]
[BlackElo "1766"]
[PlyCount "157"]
[EventDate "2024.05.24"]
[EventType "swiss"]
[EventRounds "7"]
[EventCountry "ENG"]

1. e4 e6 2. d4 d5 3. Nc3 a6 4. a3 Nf6 5. e5 Nfd7 6. f4 c5 7. Be3 cxd4 8. Bxd4
Nc6 9. Bf2 Bc5 10. Bxc5 Nxc5 11. b4 Nd7 12. Bd3 Qc7 13. Nge2 f6 14. exf6 Nxf6
15. h3 O-O 16. O-O Bd7 17. Qe1 Ne7 18. Ng3 Rac8 19. Nd1 Qb6+ 20. Qe3 Qxe3+ 21.
Nxe3 Nc6 22. c4 d4 23. Nc2 Rfd8 24. Rad1 Kf7 25. b5 Na5 26. Nxd4 Nxc4 27. Bxc4
Rxc4 28. Nf3 axb5 29. Ne5+ Ke7 30. Nxc4 bxc4 31. Rd4 c3 32. Rc1 Nd5 33. Ne2 Rc8
34. Kf2 Bb5 35. Ng3 Ra8 36. f5 Rxa3 37. fxe6 Kxe6 38. Re1+ Kd6 39. Nf5+ Kc5 40.
Red1 Nb4 41. Rd8 g6 42. Ne3 Bc6 43. Rc1 Rb3 44. Nd1 c2 45. Rd2 Rb1 46. Rdxc2+
Nxc2 47. Rxb1 Na3 48. Rc1+ Kd4 49. Ne3 Nb5 50. Rd1+ Ke4 51. Rd8 Ke5 52. Nc4+
Kf6 53. Na5 Be4 54. Rd7 h5 55. Nxb7 Bf5 56. Rd2 Nc3 57. Rd6+ Ke5 58. Rb6 Ne4+
59. Ke3 Bd7 60. Rxg6 Nf6 61. Rg5+ Bf5 62. Na5 Nd5+ 63. Kf2 Nf4 64. Rg8 h4 65.
Nc4+ Kd4 66. Nd2 Ng6 67. Nf3+ Kd5 68. Rd8+ Ke6 69. Rd4 Ne7 70. Rxh4 Kf6 71. Ra4
Bc8 72. g4 Ng6 73. Kg3 Ne7 74. Ra5 Kf7 75. h4 Nc6 76. Rc5 Ne7 77. h5 Kf8 78.
Ne5 Be6 79. Ra5 1-0

[Event "ENG-ch Senior Over 65"]
[Site "Kenilworth"]
[Date "2024.05.25"]
[Round "2.14"]
[White "Clare, Steve"]
[Black "Hutchinson, Norman A"]
[Result "1-0"]
[WhiteElo "1765"]
[BlackElo "1952"]
[PlyCount "75"]
[EventDate "2024.05.24"]
[EventType "swiss"]
[EventRounds "7"]
[EventCountry "ENG"]

1. e4 c6 2. d4 d5 3. exd5 cxd5 4. c4 Nf6 5. Nc3 Nc6 6. c5 b6 7. Bb5 Bd7 8. Bxc6
Bxc6 9. b4 Ne4 10. Nge2 bxc5 11. Nxe4 dxe4 12. bxc5 e5 13. Be3 exd4 14. Qxd4
Be7 15. O-O O-O 16. Rfd1 Qa5 17. Qc3 Qa6 18. Ng3 f5 19. Nh5 Rf7 20. Bd4 Ba4 21.
Re1 Qh6 22. Ng3 Bg5 23. Qc4 Bd7 24. Rab1 Qc6 25. Rb2 Be6 26. Qc3 Rd8 27. Reb1
Qd5 28. Ne2 Bf6 29. Rb8 Rfd7 30. c6 Bxd4 31. Nxd4 Rxb8 32. Rxb8+ Rd8 33. c7 Rc8
34. g3 Qxa2 35. Nxe6 Qxe6 36. Qd4 Kf7 37. Rxc8 Qxc8 38. Qd8 1-0

[Event "ENG-ch Senior Over 65"]
[Site "Kenilworth"]
[Date "2024.05.25"]
[Round "2.15"]
[White "De Coverly, Roger D"]
[Black "Morris, Nigel W"]
[Result "1-0"]
[WhiteElo "1901"]
[BlackElo "1637"]
[PlyCount "59"]
[EventDate "2024.05.24"]
[EventType "swiss"]
[EventRounds "7"]
[EventCountry "ENG"]

1. e4 c5 2. Nf3 d6 3. d4 cxd4 4. Nxd4 Nf6 5. Nc3 a6 6. Bg5 e6 7. Qe2 Be7 8. h4
h6 9. Be3 b5 10. a3 Bb7 11. f3 Nbd7 12. g4 Nb6 13. Qg2 Nfd7 14. Bf2 Rc8 15. f4
Nc4 16. Bxc4 Rxc4 17. g5 Qc7 18. O-O Rxc3 19. bxc3 Qxc3 20. g6 Bf6 21. Rad1
Qxa3 22. Qg4 Ke7 23. gxf7 Qa2 24. f5 e5 25. Ne6 Kxf7 26. Rxd6 Ke7 27. Rfd1 Bc8
28. Rxd7+ Bxd7 29. Bc5+ Ke8 30. Qg6# 1-0

[Event "ENG-ch Senior Over 65"]
[Site "Kenilworth"]
[Date "2024.05.25"]
[Round "2.16"]
[White "Robinson, Steve"]
[Black "Goodwin, Ed H"]
[Result "0-1"]
[WhiteElo "1632"]
[BlackElo "1898"]
[PlyCount "90"]
[EventDate "2024.05.24"]
[EventType "swiss"]
[EventRounds "7"]
[EventCountry "ENG"]

1. Nc3 d5 2. d4 Nf6 3. e4 dxe4 4. f3 exf3 5. Qxf3 g6 6. Be3 Bg7 7. Bc4 O-O 8.
Nh3 c6 9. Nf2 Nbd7 10. h4 Nb6 11. Bb3 h5 12. O-O-O Nbd5 13. Bg5 a5 14. Nxd5
Nxd5 15. c4 a4 16. cxd5 axb3 17. Qxb3 cxd5 18. Rhe1 Bf5 19. Re3 Qa5 20. Rc3
Qxa2 21. Qxa2 Rxa2 22. Bxe7 Re8 23. Bg5 Ra1+ 24. Kd2 Rxd1+ 25. Nxd1 Bxd4 26.
Rc7 b6 27. Nc3 Be4 28. Nxd5 Bxd5 29. Rd7 Bxb2 30. Rxd5 f6 31. Rb5 Bd4 32. Bxf6
Bxf6 33. Rxb6 Kg7 34. Rb7+ Kh6 35. g3 Be5 36. Rb3 Rd8+ 37. Ke2 Re8 38. Kf1 Rf8+
39. Kg2 Rd8 40. Rb1 Rd3 41. Rb5 Bxg3 42. Rb1 Bxh4 43. Rb4 Be7 44. Re4 Bd6 45.
Re6 h4 0-1

[Event "ENG-ch Senior Over 65"]
[Site "Kenilworth"]
[Date "2024.05.25"]
[Round "2.17"]
[White "Collins, Nigel"]
[Black "Spanton, Tim R"]
[Result "0-1"]
[WhiteElo "1602"]
[BlackElo "1902"]
[PlyCount "79"]
[EventDate "2024.05.24"]
[EventType "swiss"]
[EventRounds "7"]
[EventCountry "ENG"]

1. c4 e6 2. e4 d5 3. cxd5 exd5 4. exd5 Nf6 5. Nc3 Nxd5 6. Bc4 Nb6 7. Bb3 Nc6 8.
Nf3 Bg4 9. d4 Bxf3 10. Qxf3 Qe7+ 11. Be3 O-O-O 12. Qxf7 Nxd4 13. Qxe7 Bxe7 14.
Bxd4 Rxd4 15. O-O Rd2 16. Rab1 Rf8 17. Ne4 Rd4 18. Nc3 Rdf4 19. Rbe1 Bc5 20.
Re2 a6 21. Nd5 Nxd5 22. Bxd5 c6 23. Bf3 Bd4 24. b3 g5 25. Re4 Rxe4 26. Bxe4 h5
27. g3 h4 28. Kg2 Kc7 29. f3 Re8 30. g4 Kd6 31. Rc1 Ke5 32. Kf1 Rd8 33. Rd1 Rd6
34. Kg2 b6 35. Rc1 c5 36. Rc2 Be3 37. Re2 Kf4 38. Rc2 Rd1 39. h3 b5 40. Bb7 0-1

[Event "ENG-ch Senior Over 65"]
[Site "Kenilworth"]
[Date "2024.05.25"]
[Round "2.18"]
[White "Dennis, Nigel W"]
[Black "Carpenter, David J"]
[Result "1/2-1/2"]
[WhiteElo "1892"]
[BlackElo "1635"]
[PlyCount "70"]
[EventDate "2024.05.24"]
[EventType "swiss"]
[EventRounds "7"]
[EventCountry "ENG"]

1. e4 g6 2. d4 Bg7 3. c4 d6 4. Nc3 Nd7 5. Nf3 c5 6. d5 Ngf6 7. Be2 O-O 8. O-O
Re8 9. h3 Nf8 10. Be3 a6 11. Qd2 Qc7 12. Bh6 b6 13. Bxg7 Kxg7 14. Rfe1 Bb7 15.
Bf1 Rad8 16. Qc2 e6 17. b3 exd5 18. exd5 Rxe1 19. Rxe1 Re8 20. Rxe8 Nxe8 21.
Ne4 Qe7 22. Bd3 Nd7 23. Kf1 Kg8 24. Qe2 Qd8 25. Nfg5 h6 26. Nf3 Ndf6 27. Ng3
Ng7 28. Qe3 Kh7 29. Qf4 Qe7 30. Qh4 Ng8 31. Qxe7 Nxe7 32. Nh4 Bc8 33. f4 Kg8
34. Kf2 f5 35. Nf3 Kf7 1/2-1/2

[Event "ENG-ch Senior Over 65"]
[Site "Kenilworth"]
[Date "2024.05.25"]
[Round "2.19"]
[White "Norman, Dinah M"]
[Black "Selley, Susan A"]
[Result "0-1"]
[WhiteElo "1823"]
[BlackElo "1621"]
[PlyCount "50"]
[EventDate "2024.05.24"]
[EventType "swiss"]
[EventRounds "7"]
[EventCountry "ENG"]

1. d4 d6 2. Nf3 g6 3. Bf4 Bg7 4. e3 Nf6 5. h3 O-O 6. Bc4 d5 7. Be2 Ne4 8. O-O
Nc6 9. c3 Re8 10. Nbd2 e5 11. dxe5 Nxd2 12. Qxd2 Nxe5 13. Nxe5 Bxe5 14. Bxe5
Rxe5 15. Qd4 Re4 16. Qd2 c6 17. Bf3 Rh4 18. e4 Qf6 19. exd5 Bxh3 20. dxc6 bxc6
21. Qe3 Bg4 22. g3 Bxf3 23. gxh4 Qf5 24. Qg5 Qe6 25. Qd2 Qg4+ 0-1

[Event "ENG-ch Senior Over 65"]
[Site "Kenilworth"]
[Date "2024.05.25"]
[Round "3.1"]
[White "Large, Peter G"]
[Black "Snape, Ian L"]
[Result "1-0"]
[WhiteElo "2313"]
[BlackElo "2086"]
[PlyCount "67"]
[EventDate "2024.05.24"]
[EventType "swiss"]
[EventRounds "7"]
[EventCountry "ENG"]

1. e4 c5 2. Nc3 d6 3. d4 cxd4 4. Qxd4 Nc6 5. Qd2 g6 6. b3 Bh6 7. f4 Nf6 8. Bb2
O-O 9. O-O-O Bg4 10. Be2 Bxe2 11. Ngxe2 b5 12. Kb1 Rc8 13. Nd5 Nxe4 14. Qe3 f5
15. Ng3 Bg7 16. Nxe4 fxe4 17. Qxe4 Qd7 18. Rhe1 Bxb2 19. Kxb2 Rf7 20. Rd3 Qf5
21. Rc3 Qd7 22. Rxc6 Rxc6 23. Nxe7+ Rxe7 24. Qxe7 Rc7 25. Qxd7 Rxd7 26. Re8+
Kg7 27. Rb8 a6 28. Rb6 Rf7 29. g3 g5 30. fxg5 Rf2 31. Rxa6 Rxh2 32. Rxd6 Rg2
33. b4 Rxg3 34. Rd5 1-0

[Event "ENG-ch Senior Over 65"]
[Site "Kenilworth"]
[Date "2024.05.25"]
[Round "3.2"]
[White "Page, Mark Edward"]
[Black "Littlewood, Paul E"]
[Result "0-1"]
[WhiteElo "2042"]
[BlackElo "2317"]
[PlyCount "66"]
[EventDate "2024.05.24"]
[EventType "swiss"]
[EventRounds "7"]
[EventCountry "ENG"]

1. e4 c5 2. Nf3 Nc6 3. Bb5 e6 4. Bxc6 bxc6 5. b3 Ne7 6. Bb2 Ng6 7. d3 d6 8. Qd2
e5 9. Nc3 Be7 10. h3 f5 11. g3 O-O 12. Qe2 a5 13. Na4 Be6 14. O-O-O Rb8 15. Kb1
Qe8 16. Nd2 f4 17. Nc4 Qd7 18. g4 f3 19. Qe1 Rb5 20. Nc3 Rb4 21. a3 Rbb8 22. a4
Bg5 23. Ka1 Bf4 24. Nb1 Rfe8 25. Qxa5 Ra8 26. Qe1 Reb8 27. Nba3 Qc7 28. Kb1 d5
29. Nd2 Qb7 30. Nxf3 Rxa4 31. Qc3 d4 32. Qxc5 Bxb3 33. Rc1 Ba2+ 0-1

[Event "ENG-ch Senior Over 65"]
[Site "Kenilworth"]
[Date "2024.05.25"]
[Round "3.3"]
[White "Chapman, Terry PD"]
[Black "Jackson, Sheila"]
[Result "1-0"]
[WhiteElo "2290"]
[BlackElo "2010"]
[PlyCount "91"]
[EventDate "2024.05.24"]
[EventType "swiss"]
[EventRounds "7"]
[EventCountry "ENG"]

1. Nf3 d5 2. d4 Nf6 3. c4 c6 4. Qc2 g6 5. Bf4 Bf5 6. Qb3 Qb6 7. e3 Qxb3 8. axb3
Bxb1 9. Rxb1 e6 10. Bd3 Nbd7 11. h3 h6 12. O-O g5 13. Bh2 g4 14. hxg4 Nxg4 15.
Bg3 Bg7 16. Rfe1 O-O 17. c5 Rfe8 18. b4 a6 19. Nd2 Ngf6 20. Nb3 Ne4 21. Bh2 e5
22. f3 Nef6 23. Bf5 exd4 24. exd4 Nf8 25. Kf1 N6d7 26. Rbd1 Ne6 27. Na5 Ra7 28.
g4 Ndf8 29. Re2 Rd8 30. Nb3 Raa8 31. Bd6 Bf6 32. f4 Kg7 33. Kf2 Rxd6 34. cxd6
Nxf4 35. Rc2 N4e6 36. Ke3 Bg5+ 37. Kf3 Bf6 38. Ke3 Bg5+ 39. Kf3 Bf6 40. Rcd2 b6
41. Rc2 Rc8 42. Ra1 Bxd4 43. Rd1 Be5 44. Rxd5 Bxb2 45. d7 Rd8 46. Rxc6 1-0

[Event "ENG-ch Senior Over 65"]
[Site "Kenilworth"]
[Date "2024.05.25"]
[Round "3.4"]
[White "Moore, John C"]
[Black "Chandler, Cliff R"]
[Result "0-1"]
[WhiteElo "1950"]
[BlackElo "2168"]
[PlyCount "60"]
[EventDate "2024.05.24"]
[EventType "swiss"]
[EventRounds "7"]
[EventCountry "ENG"]

1. e4 d5 2. exd5 Nf6 3. Be2 Qxd5 4. Nf3 Bg4 5. d4 Nc6 6. c4 Qh5 7. Be3 O-O-O 8.
Nc3 e5 9. d5 e4 10. Nd4 Bxe2 11. Qxe2 Qxe2+ 12. Kxe2 Ne5 13. b3 Bb4 14. Rhc1 c6
15. dxc6 bxc6 16. a3 Bc5 17. Rd1 Kb7 18. b4 Bxd4 19. Bxd4 Nxc4 20. Bxf6 gxf6
21. Nxe4 f5 22. Nc5+ Kb6 23. a4 Rhe8+ 24. Kf1 Nd2+ 25. Kg1 a5 26. Rac1 axb4 27.
a5+ Kb5 28. Nb7 Rd5 29. f3 b3 30. a6 b2 0-1

[Event "ENG-ch Senior Over 65"]
[Site "Kenilworth"]
[Date "2024.05.25"]
[Round "3.5"]
[White "Stokes, Mike R"]
[Black "Burnett, James"]
[Result "0-1"]
[WhiteElo "1968"]
[BlackElo "2014"]
[PlyCount "94"]
[EventDate "2024.05.24"]
[EventType "swiss"]
[EventRounds "7"]
[EventCountry "ENG"]

1. e4 e6 2. d4 d5 3. Nc3 Bb4 4. Nge2 Nc6 5. e5 f6 6. a3 Ba5 7. Be3 Nge7 8. b4
Bb6 9. exf6 gxf6 10. Nf4 O-O 11. Qg4+ Kh8 12. Qd1 e5 13. Nfe2 Nf5 14. Na4 Bxd4
15. Bxd4 Ncxd4 16. Nxd4 Nxd4 17. c3 Ne6 18. g3 c6 19. Bg2 f5 20. Nb2 Qf6 21.
Qd2 f4 22. O-O-O Bd7 23. Be4 Ng5 24. Bb1 Bg4 25. Rdf1 Nf3 26. Qc2 e4 27. Nd1
Bh3 28. gxf4 Qxf4+ 29. Ne3 Bxf1 30. Rxf1 Nxh2 31. Re1 Rad8 32. Kb2 b6 33. Rh1
Nf3 34. Rd1 Ne5 35. Ka1 Qxf2 36. Qxf2 Rxf2 37. c4 Re2 38. Nf5 Rf8 39. Ne7 Rf7
40. Nxc6 Nxc6 41. cxd5 Ne5 42. d6 Nd3 43. Rg1 Rd7 44. Rg4 Rxd6 45. a4 Rg6 46.
Rh4 Rg1 47. a5 Rb2 0-1

[Event "ENG-ch Senior Over 65"]
[Site "Kenilworth"]
[Date "2024.05.25"]
[Round "3.6"]
[White "Myall, Ivan J"]
[Black "Baker, Chris W"]
[Result "1/2-1/2"]
[WhiteElo "1933"]
[BlackElo "2218"]
[PlyCount "62"]
[EventDate "2024.05.24"]
[EventType "swiss"]
[EventRounds "7"]
[EventCountry "ENG"]

1. e4 d6 2. d4 Nf6 3. Nc3 c6 4. f4 Qa5 5. Bd3 e5 6. Nf3 Bg4 7. dxe5 dxe5 8. h3
Bxf3 9. Qxf3 Nbd7 10. Bd2 exf4 11. Qxf4 Qe5 12. Qxe5+ Nxe5 13. Be2 Bc5 14.
O-O-O O-O 15. Bg5 Nfd7 16. a3 f6 17. Bf4 Rfe8 18. Rhf1 b5 19. Bh5 Red8 20. Ne2
g6 21. Bf3 Nxf3 22. Rxf3 Nb6 23. Rxd8+ Rxd8 24. Bc7 Rf8 25. b4 Be7 26. Bxb6
axb6 27. Nd4 c5 28. bxc5 Bxc5 29. Nxb5 Re8 30. Rxf6 Rxe4 31. Rf3 h5 1/2-1/2

[Event "ENG-ch Senior Over 65"]
[Site "Kenilworth"]
[Date "2024.05.25"]
[Round "3.7"]
[White "Fleming, Andrew SJ"]
[Black "Moore, Geoffrey R"]
[Result "0-1"]
[WhiteElo "1905"]
[BlackElo "2014"]
[PlyCount "82"]
[EventDate "2024.05.24"]
[EventType "swiss"]
[EventRounds "7"]
[EventCountry "ENG"]

1. e4 c5 2. Nf3 d6 3. d4 cxd4 4. Nxd4 Nf6 5. Nc3 g6 6. Be3 Bg7 7. f3 O-O 8. Qd2
Nc6 9. g4 Be6 10. h4 Ne5 11. Be2 Rc8 12. h5 Bc4 13. hxg6 fxg6 14. Bh6 Bxh6 15.
Qxh6 Qa5 16. f4 Bxe2 17. fxe5 Rxc3 18. Kxe2 dxe5 19. bxc3 exd4 20. cxd4 Qb5+
21. Ke1 Qb4+ 22. Qd2 Qb2 23. Rd1 Nxe4 24. Qh2 Qc3+ 25. Rd2 Qxd2+ 26. Qxd2 Nxd2
27. Kxd2 Rf4 28. Ke3 Rxg4 29. Rb1 b6 30. Rb3 Rg3+ 31. Ke4 Rxb3 32. axb3 h5 33.
c4 Kf7 34. Ke5 Ke8 35. b4 Kd7 36. b5 h4 37. Kf4 g5+ 38. Kg4 Kc7 39. Kh3 Kb7 40.
Kg4 a5 41. bxa6+ Kxa6 0-1